000 00595nam a22001817a 4500
003 UA-OsUOA
001 6832
007 ta
008 20040602b un ||||| |||| 00| 0 ukr d
100 _aКисельва О.
942 _cSA
040 _aUA-OsUOA
_cUA-OsUOA
_dUA-OsUOA
245 _aПорядок оподаткування внесків з додаткового пенсійного забезпечення
300 _aС.35-42
955 _a0
773 0 _w0
_tБухгалтерський облік і аудит
_dКиїв
_d2004
_g№5
650 7 _aПодаткове право
_2UDC
999 _c292993
_d292993